Business statistics of the United States (Record no. 80538)
[ view plain ]
| 000 -LEADER | |
|---|---|
| fixed length control field | 01334nam a2200313Ia 4500 |
| 245 00 - TITLE STATEMENT | |
| Title | Business statistics of the United States |
| 250 ## - EDITION STATEMENT | |
| Edition statement | 11th ed. |
| 260 ## - PUBLICATION, DISTRIBUTION, ETC. (IMPRINT) | |
| Place of publication | Lanham, Md. : |
| Name of publisher | Bernan Press, |
| Year of publication | 2006. |
| 300 ## - PHYSICAL DESCRIPTION | |
| Number of Pages | xliv, 610 p. |
| 650 #0 - SUBJECT ADDED ENTRY--TOPICAL TERM | |
| Topical Term | Commercial statistics. |
| 700 1# - ADDED ENTRY--PERSONAL NAME | |
| Personal name | Strawser, Cornelia J. |
| 856 40 - ELECTRONIC LOCATION AND ACCESS | |
| Uniform Resource Identifier | http://site.ebrary.com/lib/rucke/Doc?id=10132045 |
No items available.
